书目信息 |
| 题名: |
翻拍和复制
|
|
| 作者: | 米森 著 ;胡昌平 译 | |
| 分册: | ||
| 出版信息: | 杭州 浙江摄影出版社 1999 |
|
| 页数: | 143页 | |
| 开本: | 28cm | |
| 丛书名: | 柯达专业摄影丛书 | |
| 单 册: | ||
| 中图分类: | TB883 | |
| 科图分类: | ||
| 主题词: | 翻拍--技术 | |
| 电子资源: | ||
| ISBN: | 7-80536-621-7 | |
| 000 | 00852nam2 2200277 45 | |
| 001 | 0199044046 | |
| 005 | 20070806091255.95 | |
| 009 | 0199044046 | |
| 010 | @a7-80536-621-7@b精装@dCNY99.00 | |
| 100 | @a19990630d1999 emky0chiy0121 ea | |
| 101 | 1 | @achi@ceng |
| 102 | @aCN@b330000 | |
| 105 | @af z 000yy | |
| 200 | 10 | @a翻拍和复制@Afan pai he fu zhi@f(美)汤姆斯·米森等著@g胡昌平译 |
| 210 | @a杭州@c浙江摄影出版社@d1999 | |
| 215 | @a143页@c照片及图@d28cm | |
| 225 | 2 | @a柯达专业摄影丛书@dKodak professional photographic series@zeng |
| 300 | @a美国Silver Pixel Press授权出版 | |
| 410 | 0 | @120010@a柯达专业摄影丛书 |
| 510 | 1 | @aCopying and duplicating@zeng |
| 606 | @a翻拍@x技术 | |
| 690 | @aTB883@v3 | |
| 701 | 1 | @a米森@Ami sen@bT.@4著 |
| 702 | 0 | @a胡昌平@Ahu chang ping@4译 |
| 801 | 0 | @aCN@bTSSF@c20070806 |
| 905 | @a10447@dTB883@e135 | |
| 翻拍和复制/(美)汤姆斯·米森等著/胡昌平译.-杭州:浙江摄影出版社,1999 |
| 143页:照片及图;28cm.-(柯达专业摄影丛书=Kodak professional photographic series) |
| 美国Silver Pixel Press授权出版 |
| ISBN 7-80536-621-7(精装):CNY99.00 |
| ● |
| 相关链接 |
|
|
|
|
正题名:翻拍和复制
索取号:TB883/135
 
预约/预借
| 序号 | 登录号 | 条形码 | 馆藏地/架位号 | 状态 | 备注 |
| 1 | 0784567 | 207845670 | 第二样本阅览室/ [索取号:TB883/135] | 在馆 | |
| 2 | 0784568 | 207845689 | 第三借阅区/ [索取号:TB883/135] | 在馆 | |
| 3 | 0784569 | 207845698 | 第三借阅区/ [索取号:TB883/135] | 在馆 | |
| 4 | 0785081 | 207850814 | 第三借阅区/ [索取号:TB883/135] | 在馆 | |
| 5 | 0791991 | 207919911 | 密集书库/ [索取号:TB883/135] | 在馆 |